Sistema penitenciario (Record no. 157551)

MARC details
000 -LEADER
campo de control de longitud fija 00843nam a2200181 i 4500
001 - NÚMERO DE CONTROL
campo de control 157551
003 - IDENTIFICADOR DE NÚMERO DE CONTROL
campo de control ES-MaACL
005 - FECHA Y HORA DE LA ÚLTIMA TRANSACCIÓN
campo de control 20250809035828.0
008 - DATOS DE LONGITUD FIJA--INFORMACIÓN GENERAL
campo de control de longitud fija 980707s1861 sp f |||| | spa d
100 1# - ENTRADA PRINCIPAL--NOMBRE DE PERSONA
Nombre de persona Lepelletier de la Sarthe, Almire-René-Jacques.
9 (RLIN) 128885
245 10 - MENCIÓN DEL TÍTULO
Título Sistema penitenciario
Resto del título : el presidio, la prisión celular, la deportación /
Mención de responsabilidad, etc. obra escrita en francés por M. Lepelletier de La-Sarthe ; traducida al español y anotada por Matías González de Estéfani.
260 ## - PUBLICACIÓN, DISTRIBUCIÓN, ETC.
Lugar de publicación, distribución, etc. Toledo :
Nombre del editor, distribuidor, etc. [s.n.],
Fecha de publicación, distribución, etc. 1861 (
Fabricante Imp. y Librería de Severiano López Fando)
300 ## - DESCRIPCIÓN FÍSICA
Extensión XII, 428 p., 4 h., 12 lám., 1 estado pleg. ;
Dimensiones 26 cm.
650 #7 - PUNTO DE ACCESO ADICIONAL DE MATERIA--TÉRMINO DE MATERIA
Término de materia o nombre geográfico como elemento de entrada Derecho penitenciario
Fuente del encabezamiento o término embne
9 (RLIN) 188563
700 1# - ENTRADA AGREGADA--NOMBRE PERSONAL
Nombre de persona González de Estéfani, Matías.
9 (RLIN) 127438
852 ## - LOCALIZACIÓN
Ubicación ES-MaACL
Número de control de estantería D-70
Nota libre - Enc. hol.
-- . - Donativo Lastres
Holdings
Estatus retirado Estado de pérdida Estado de daño No para préstamo Colección Biblioteca de origen Biblioteca actual Ubicación en estantería Fecha de adquisición Fuente de adquisición Total de préstamos Signatura topográfica completa Código de barras Visto por última vez Precio de reemplazo Tipo de ítem Koha
        Libros del s. XIX Biblioteca del Ateneo de Madrid Biblioteca del Ateneo de Madrid Sala Valle Inclán 17/01/2008     D-70 901164872 23/02/2023 23/02/2023 Libro impreso antiguo